Platnosť nájomnej zmluvy

Zákon č. 72/1999 Z.z., ktorým sa mení a dopĺňa zákon NR SR č. 278/1993 Z.z. o správe majetku štátu v znení zákona NR SR č. 374/1996 Z.z. a ktorým sa dopĺňa zákon č. 229/1991 Zb. o úprave vlastníckych vzťahov k pôde a inému poľnohospodárskemu majetku v znení neskorších predpisov, je účinný od 1.5.199...

ver descrição completa

Na minha lista:
Detalhes bibliográficos
Autor principal: Pauličková, Alena
Formato: Capítulo de Livro
Idioma:eslovaco
Assuntos:
Tags: Adicionar Tag
Sem tags, seja o primeiro a adicionar uma tag!

MARC

LEADER 00000naa a2200000 4500
001 r036554
005 20230919123205.5
041 0 |a slo 
044 |a SK 
245 1 0 |a Platnosť nájomnej zmluvy  |c Alena Pauličková 
520 |a Zákon č. 72/1999 Z.z., ktorým sa mení a dopĺňa zákon NR SR č. 278/1993 Z.z. o správe majetku štátu v znení zákona NR SR č. 374/1996 Z.z. a ktorým sa dopĺňa zákon č. 229/1991 Zb. o úprave vlastníckych vzťahov k pôde a inému poľnohospodárskemu majetku v znení neskorších predpisov, je účinný od 1.5.1999. Výber podstatných zmien, ktoré uvedený zákon priniesol do inštitútu správy majetku. 
610 2 0 |a majetok štátny 
610 2 0 |a prenájom 
610 2 0 |a zmluvy nájomné 
610 2 0 |a zákony 
610 2 0 |a Slovensko 
610 2 0 |a 1991 
610 2 0 |a 1999 
100 1 |a Pauličková, Alena